[Event "Titled Tuesday intern op 14th Nov Early"]
[Site "Chess.com INT"]
[Date "2023.11.14"]
[Round "2"]
[White "Zomorrodian, Eilia"]
[Black "Chayka, Vitaliy"]
[Result "1-0"]
[WhiteElo "2099"]
[BlackElo "2111"]
[PlyCount "53"]
[EventDate "2023.11.14"]
[EventType "swiss (blitz)"]
[EventRounds "11"]
[EventCountry "USA"]
[SourceTitle "CB47_2023"]
[SourceDate "2023.11.22"]
[SourceVersion "1"]
[SourceVersionDate "2023.11.22"]
[SourceQuality "1"]

1. e4 d6 2. d4 Nf6 3. Nc3 e5 4. Nf3 Nbd7 5. Bc4 Be7 6. 0-0 0-0 7. h3 c6 8. a4 a5 9. Re1 exd4 10. Qxd4 Nc5 11. e5 dxe5 12. Qxe5 Bd6 13. Qd4 Be6 14. Bg5 Bxc4 15. Qxc4 Ne6 16. Rxe6 fxe6 17. Qxe6+ Rf7 18. Rd1 Qb6 19. Rxd6 Re8 20. Qb3 Qc5 21. Rd3 Kf8 22. Be3 Qh5 23. Ne2 Ne4 24. Ng3 Qg6 25. Nxe4 Qxe4 26. Bc5+ Kg8 27. Re3 1-0

[Event "Titled Tuesday intern op 14th Nov Early"]
[Site "Chess.com INT"]
[Date "2023.11.14"]
[Round "4"]
[White "Zomorrodian, Eilia"]
[Black "Pogorelskikh, Sofia"]
[Result "1-0"]
[WhiteElo "2099"]
[BlackElo "2208"]
[PlyCount "115"]
[EventDate "2023.11.14"]
[EventType "swiss (blitz)"]
[EventRounds "11"]
[EventCountry "USA"]
[SourceTitle "CB47_2023"]
[SourceDate "2023.11.22"]
[SourceVersion "1"]
[SourceVersionDate "2023.11.22"]
[SourceQuality "1"]

1. e4 e5 2. Bc4 Nf6 3. d3 Bc5 4. Nf3 Nc6 5. c3 d5 6. exd5 Nxd5 7. 0-0 0-0 8. Re1 Bg4 9. h3 Bh5 10. g4 Bg6 11. Nxe5 Nxe5 12. Rxe5 Qf6 13. d4 c6 14. Bg5 Qd6 15. Rxd5 cxd5 16. dxc5 Qe5 17. Be3 dxc4 18. Nd2 Rad8 19. Qf3 Bd3 20. Qxb7 f5 21. Nf3 Qe4 22. Qxe4 Bxe4 23. Ne5 fxg4 24. hxg4 Rfe8 25. Bd4 Bd3 26. Re1 Rd5 27. Nxd3 Rxe1+ 28. Nxe1 Rd8 29. Nc2 Rb8 30. c6 Rc8 31. Bxa7 Rxc6 32. Bd4 Ra6 33. a3 Ra8 34. Nb4 Kf7 35. f4 Ke6 36. Kf2 Kd7 37. Ke3 Re8+ 38. Be5 g5 39. Kd4 gxf4 40. Bxf4 Re2 41. Kxc4 Rxb2 42. a4 Rg2 43. g5 Rg4 44. Nd5 Kc6 45. a5 Kb7 46. Kb5 Rg1 47. c4 Rb1+ 48. Nb4 Ka7 49. Be3+ Ka8 50. a6 Ra1 51. c5 Re1 52. Bd4 Re8 53. c6 Rb8+ 54. Ka5 Rc8 55. a7 Rg8 56. Na6 Rxg5+ 57. Kb6 Rg8 58. Nc7# 1-0

[Event "Titled Tuesday intern op 24th Oct Late"]
[Site "Chess.com INT"]
[Date "2023.10.24"]
[Round "3"]
[White "Kravtsiv, Martyn"]
[Black "Zomorrodian, Eilia"]
[Result "1-0"]
[WhiteElo "2598"]
[BlackElo "2099"]
[PlyCount "43"]
[EventDate "2023.10.24"]
[EventType "swiss (blitz)"]
[EventRounds "11"]
[EventCountry "USA"]
[SourceTitle "Mega2024 Update 01"]
[Source "Chessbase"]
[SourceDate "2023.11.12"]
[SourceVersion "1"]
[SourceVersionDate "2023.11.12"]
[SourceQuality "1"]

1. e4 c5 2. Nf3 e6 3. d4 cxd4 4. Nxd4 a6 5. Be2 Nf6 6. Nc3 Qc7 7. 0-0 Be7 8. f4 d6 9. Kh1 b5 10. e5 dxe5 11. fxe5 Nfd7 12. Bh5 g6 13. Qf3 0-0 14. Bh6 Bb7 15. Qh3 Qxe5 16. Bf3 Ra7 17. Bxf8 Bxf8 18. Bxb7 Rxb7 19. Nf3 Qc5 20. Ne4 Qf5 21. Qh4 Nc6 22. Nfg5 1-0

[Event "Titled Tuesday intern op 24th Oct Late"]
[Site "Chess.com INT"]
[Date "2023.10.24"]
[Round "1"]
[White "Zomorrodian, Eilia"]
[Black "Cardozo Munar, Carlos Eduardo"]
[Result "1-0"]
[WhiteElo "2099"]
[BlackElo "2043"]
[PlyCount "131"]
[EventDate "2023.10.24"]
[EventType "swiss (blitz)"]
[EventRounds "11"]
[EventCountry "USA"]
[SourceTitle "Mega2024 Update 01"]
[Source "Chessbase"]
[SourceDate "2023.11.12"]
[SourceVersion "1"]
[SourceVersionDate "2023.11.12"]
[SourceQuality "1"]

1. e4 e6 2. d4 d5 3. Nd2 c5 4. exd5 Qxd5 5. Ngf3 cxd4 6. Bc4 Qd7 7. 0-0 Nc6 8. Nb3 Nf6 9. Nbxd4 Nxd4 10. Nxd4 a6 11. c3 Bd6 12. h3 b5 13. Bb3 Bb7 14. Re1 Bd5 15. Bg5 Bxb3 16. axb3 h6 17. Nf5 hxg5 18. Nxd6+ Kf8 19. c4 b4 20. Qd2 a5 21. Qxb4 axb4 22. Rxa8+ Ne8 23. Rxe8+ Qxe8 24. Nxe8 Kxe8 25. Re5 Ke7 26. Rxg5 Ra8 27. Rb5 Ra2 28. Rxb4 Rxb2 29. g3 f5 30. Kg2 g5 31. Rb5 Kd6 32. h4 gxh4 33. gxh4 Ra2 34. b4 e5 35. Rd5+ Ke6 36. b5 e4 37. Kf1 f4 38. Rd1 Rc2 39. Rb1 Rxc4 40. b6 Rc8 41. b7 Rb8 42. h5 Kd7 43. h6 e3 44. fxe3 fxe3 45. Ke2 Kc7 46. Kxe3 Re8+ 47. Kf4 Kb8 48. Kg5 Re5+ 49. Kf6 Rh5 50. Kg7 Rg5+ 51. Kh8 Rg2 52. Rb6 Rg5 53. Kh7 Rc5 54. Kg6 Rc1 55. h7 Rg1+ 56. Kf7 Rf1+ 57. Kg7 Rg1+ 58. Rg6 Rc1 59. h8Q+ Kxb7 60. Rf6 Rg1+ 61. Kf7 Rc1 62. Qh4 Rc7+ 63. Kg6 Ka7 64. Qa4+ Kb8 65. Qb5+ Kc8 66. Rf8# 1-0

[Event "Titled Tuesday intern op 24th Oct Late"]
[Site "Chess.com INT"]
[Date "2023.10.24"]
[Round "6"]
[White "Zomorrodian, Eilia"]
[Black "Gogolev, Artem"]
[Result "1/2-1/2"]
[WhiteElo "2099"]
[BlackElo "2250"]
[PlyCount "80"]
[EventDate "2023.10.24"]
[EventType "swiss (blitz)"]
[EventRounds "11"]
[EventCountry "USA"]
[SourceTitle "Mega2024 Update 01"]
[Source "Chessbase"]
[SourceDate "2023.11.12"]
[SourceVersion "1"]
[SourceVersionDate "2023.11.12"]
[SourceQuality "1"]

1. e4 c5 2. Nf3 d6 3. Bb5+ Nd7 4. 0-0 Ngf6 5. Re1 a6 6. Bf1 e6 7. c3 b6 8. d4 cxd4 9. cxd4 d5 10. e5 Ne4 11. Bd3 Bb7 12. Bxe4 dxe4 13. Bg5 f6 14. exf6 gxf6 15. Bh4 exf3 16. Rxe6+ Be7 17. d5 Nc5 18. Qxf3 Nxe6 19. Qh5+ Kd7 20. dxe6+ Kc7 21. Bg3+ Bd6 22. Qf7+ Kb8 23. e7 Qd7 24. Bxd6+ Qxd6 25. e8Q+ Rxe8 26. Qxe8+ Ka7 27. Qe2 Rg8 28. f3 Qd4+ 29. Qf2 Qd1+ 30. Qf1 Qd4+ 31. Qf2 Qd1+ 32. Qf1 Qxf3 33. Qxf3 Bxf3 34. g3 Rd8 35. Nc3 Rd2 36. Rf1 Rg2+ 37. Kh1 Rf2+ 38. Kg1 Rg2+ 39. Kh1 Rf2+ 40. Kg1 Rg2+ 1/2-1/2

[Event "Titled Tuesday intern op 13th Jun Late"]
[Site "Chess.com INT"]
[Date "2023.06.13"]
[Round "5"]
[White "Zomorrodian, Eilia"]
[Black "Pein, Jonathan"]
[Result "1-0"]
[WhiteElo "2109"]
[BlackElo "2276"]
[PlyCount "135"]
[EventDate "2023.06.13"]
[EventType "swiss (blitz)"]
[EventRounds "11"]
[EventCountry "USA"]
[SourceTitle "EXT 2024"]
[Source "ChessBase"]
[SourceDate "2023.10.10"]
[SourceVersion "1"]
[SourceVersionDate "2023.10.10"]
[SourceQuality "1"]

1. b4 a5 2. b5 e5 3. Bb2 d6 4. e3 g6 5. Nf3 Bg7 6. Be2 f5 7. 0-0 Nh6 8. c4 0-0 9. d4 e4 10. Nfd2 Be6 11. Nc3 Nd7 12. f3 exf3 13. Bxf3 Qg5 14. Qe2 Rae8 15. Rae1 Bf7 16. Qd3 Ng4 17. e4 Bh6 18. Bc1 Qh4 19. h3 Nge5 20. dxe5 Nxe5 21. Qd4 Qg3 22. Qf2 Qxf2+ 23. Rxf2 Nd3 24. Rfe2 Nxe1 25. Rxe1 c6 26. bxc6 bxc6 27. Rd1 Be3+ 28. Kh1 fxe4 29. Ndxe4 Bxc1 30. Nf6+ Kg7 31. Nxe8+ Rxe8 32. Rxc1 Bxc4 33. Ne4 d5 34. Nd6 Rb8 35. Nxc4 dxc4 36. Rxc4 Rb2 37. a4 Ra2 38. Bxc6 Kf6 39. Bb5 Ke5 40. Kh2 g5 41. Rc5+ Ke4 42. Bc6+ Kf4 43. Rxa5 h5 44. Ra8 h4 45. Rf8+ Ke3 46. Rf3+ Kd4 47. Bb5 Ke5 48. Re3+ Kf4 49. Rf3+ Ke5 50. Bd7 Ra1 51. Rf5+ Ke4 52. Rxg5 Rd1 53. Bb5 Rd6 54. Rg4+ Kf5 55. Rxh4 Kg5 56. Rg4+ Kh5 57. Rg3 Rd4 58. Rf3 Kh4 59. a5 Rd8 60. a6 Rg8 61. g3+ Kh5 62. a7 Ra8 63. Ra3 Kg5 64. Bc6 Rf8 65. a8Q Rf2+ 66. Kg1 Rf6 67. Qg8+ Kh6 68. Ra4 1-0

[Event "Titled Tuesday intern op 25th Apr Early"]
[Site "Chess.com INT"]
[Date "2023.04.25"]
[Round "2"]
[White "Zomorrodian, Eilia"]
[Black "Kravtsiv, Martyn"]
[Result "0-1"]
[WhiteElo "2109"]
[BlackElo "2598"]
[PlyCount "52"]
[EventDate "2023.04.25"]
[EventType "swiss (blitz)"]
[EventRounds "11"]
[EventCountry "USA"]
[SourceTitle "EXT 2024"]
[Source "ChessBase"]
[SourceDate "2023.10.10"]
[SourceVersion "1"]
[SourceVersionDate "2023.10.10"]
[SourceQuality "1"]

1. e4 e5 2. Bc4 Nc6 3. Nf3 Nf6 4. d3 Bc5 5. c3 0-0 6. Bb3 d5 7. Qe2 d4 8. Nbd2 b5 9. c4 a6 10. Nf1 Qd6 11. Ng3 Na5 12. cxb5 axb5 13. Bc2 Bb4+ 14. Kf1 Nc6 15. h3 h6 16. Nh4 Ne7 17. Qf3 c5 18. a3 c4 19. Ngf5 Nxf5 20. Nxf5 Bxf5 21. exf5 Rfe8 22. Qg3 e4 23. Bf4 Qf8 24. dxe4 d3 25. Bd1 Nxe4 26. Qg4 Nf6 0-1

[Event "Ivy League Challenge 5th"]
[Site "Toronto"]
[Date "2023.03.24"]
[Round "2"]
[White "Zomorrodian, Eilia"]
[Black "Li, Yunshan"]
[Result "0-1"]
[WhiteElo "2119"]
[BlackElo "2294"]
[PlyCount "118"]
[EventDate "2023.03.24"]
[EventType "team-tourn"]
[EventRounds "5"]
[EventCountry "CAN"]
[SourceTitle "CBM 213 Extra"]
[Source "ChessBase"]
[SourceDate "2023.05.31"]
[SourceVersion "1"]
[SourceVersionDate "2023.05.31"]
[SourceQuality "1"]
[WhiteTeam "Toronto Univ II"]
[BlackTeam "Toronto Univ"]
[WhiteTeamCountry "CAN"]
[BlackTeamCountry "CAN"]

1. e4 c6 2. d4 d5 3. exd5 cxd5 4. c4 Nc6 5. Nc3 Nf6 6. Nf3 e6 7. c5 Ne4 8. Bb5 Nxc3 9. bxc3 Bd7 10. 0-0 Be7 11. a4 0-0 12. Re1 b6 13. cxb6 axb6 14. Ba3 Bxa3 15. Rxa3 Na5 16. Ne5 Bxb5 17. axb5 Qd6 18. Ra4 Rac8 19. Qa1 Rc7 20. Rxa5 bxa5 21. Qxa5 h6 22. h3 Rb7 23. Nc6 Qc7 24. Qb4 Ra8 25. Rb1 Kh7 26. g3 Rb6 27. Qc5 Qb7 28. Rb4 Rc8 29. Kg2 g6 30. h4 Kg7 31. Kg1 Kf6 32. Qd6 Qc7 33. Qc5 Rxc6 34. bxc6 Qxc6 35. Qxc6 Rxc6 36. Rb3 Kf5 37. Kf1 Ke4 38. Ke2 Ra6 39. Rb7 Ra2+ 40. Kf1 f5 41. Rb6 Kf3 42. Rxe6 Rxf2+ 43. Ke1 Rc2 44. Rxg6 Rxc3 45. Kd2 Ra3 46. h5 Ke4 47. Rxh6 Rxg3 48. Rf6 Rg2+ 49. Kc3 Rg3+ 50. Kb4 f4 51. h6 Rh3 52. Kc5 f3 53. Re6+ Kf5 54. Re5+ Kf4 55. Kxd5 f2 56. Re8 Rh5+ 57. Ke6 Rxh6+ 58. Ke7 Rh5 59. Ke6 Rf5 0-1

[Event "Titled Tuesday intern op 03rd Jan Late"]
[Site "Chess.com INT"]
[Date "2023.01.03"]
[Round "1"]
[White "Zomorrodian, Eilia"]
[Black "Lazavik, Denis"]
[Result "0-1"]
[WhiteElo "2119"]
[BlackElo "2532"]
[PlyCount "96"]
[EventDate "2023.01.03"]
[EventType "swiss (blitz)"]
[EventRounds "11"]
[EventCountry "USA"]
[SourceTitle "EXT 2024"]
[Source "ChessBase"]
[SourceDate "2023.10.10"]
[SourceVersion "1"]
[SourceVersionDate "2023.10.10"]
[SourceQuality "1"]

1. e4 c5 2. Nf3 e6 3. c3 d5 4. exd5 Qxd5 5. d4 Nf6 6. Be3 cxd4 7. cxd4 Nc6 8. Nc3 Qd6 9. Bd3 Be7 10. 0-0 0-0 11. Qe2 b6 12. Rad1 Bb7 13. a3 Rfd8 14. Bb1 g6 15. Bh6 Ng4 16. Be3 Qc7 17. Rfe1 Nxe3 18. fxe3 Bf6 19. Ba2 Ne7 20. e4 Bg7 21. Rf1 Rac8 22. Ng5 Bxd4+ 23. Rxd4 Rxd4 24. Rxf7 Qc5 25. Rg7+ Kxg7 26. Nxe6+ Kh8 27. Nxc5 bxc5 28. Qf2 Ng8 29. Qf7 Bxe4 30. Qe6 Rf8 31. Qe5+ Nf6 32. Qe7 Rdd8 33. h4 Ba8 34. Qxc5 Ng4 35. Qg5 Nf6 36. Qe5 Rde8 37. Qg3 Kg7 38. Qc7+ Kh8 39. Qg3 Re7 40. Qg5 Re1+ 41. Kh2 Kg7 42. b4 h5 43. Nd5 Ng4+ 44. Kg3 Re5 45. Qd2 Bxd5 46. Bxd5 Ne3 47. Bf3 Nf1+ 48. Kf2 Nxd2 0-1

[Event "Titled Tuesday intern op 11th Oct Late"]
[Site "Chess.com INT"]
[Date "2022.10.11"]
[Round "9"]
[White "Urazayev, Arystanbek"]
[Black "Zomorrodian, Eilia"]
[Result "1-0"]
[WhiteElo "2458"]
[BlackElo "2119"]
[PlyCount "55"]
[EventDate "2022.10.11"]
[EventType "swiss (blitz)"]
[EventRounds "11"]
[EventCountry "USA"]
[SourceTitle "EXT 2024"]
[Source "ChessBase"]
[SourceDate "2023.10.10"]
[SourceVersion "1"]
[SourceVersionDate "2023.10.10"]
[SourceQuality "1"]

1. e4 c5 2. Nf3 e6 3. c3 Nf6 4. e5 Nd5 5. d4 cxd4 6. cxd4 Nc6 7. Bc4 Nb6 8. Bd3 d6 9. exd6 Bxd6 10. 0-0 Nd5 11. Nc3 Nce7 12. Bg5 h6 13. Nxd5 hxg5 14. Nxe7 Qxe7 15. Bb5+ Kf8 16. Ne5 a6 17. Ba4 b5 18. Bc2 Bb7 19. Qe2 Rh4 20. Rad1 Rd8 21. g3 Rh8 22. Be4 Bxe4 23. Qxe4 Qf6 24. f4 Qh6 25. Ng4 Qh5 26. fxg5 Qxg5 27. Qxe6 Bb8 28. Qxf7# 1-0

[Event "Titled Tuesday intern op 11th Oct Late"]
[Site "Chess.com INT"]
[Date "2022.10.11"]
[Round "7"]
[White "Zomorrodian, Eilia"]
[Black "Bazeev, German"]
[Result "1-0"]
[WhiteElo "2119"]
[BlackElo "2380"]
[PlyCount "73"]
[EventDate "2022.10.11"]
[EventType "swiss (blitz)"]
[EventRounds "11"]
[EventCountry "USA"]
[SourceTitle "EXT 2024"]
[Source "ChessBase"]
[SourceDate "2023.10.10"]
[SourceVersion "1"]
[SourceVersionDate "2023.10.10"]
[SourceQuality "1"]

1. c4 e5 2. a3 Nf6 3. e3 g6 4. b4 Bg7 5. Bb2 d6 6. Nf3 0-0 7. d3 a5 8. b5 c5 9. Be2 b6 10. 0-0 Bb7 11. Nbd2 Nbd7 12. Qc2 Qe7 13. Rfd1 d5 14. cxd5 Nxd5 15. Nc4 f5 16. Bf1 f4 17. Qb3 a4 18. Qa2 Kh8 19. e4 Nc7 20. Rac1 g5 21. Qa1 Rae8 22. h3 h5 23. Nh2 Nxb5 24. Be2 Qf7 25. Qb1 Bc6 26. Ba1 Qg6 27. Nf3 Nc7 28. Nxb6 Rb8 29. Nxd7 Bxd7 30. Qc2 Ne6 31. Nxe5 Qe8 32. Nxd7 Qxd7 33. Bxg7+ Qxg7 34. Bxh5 Rb3 35. Bg4 Nd4 36. Qxc5 Rxa3 37. Qxa3 1-0

[Event "Titled Tuesday intern op 11th Oct Late"]
[Site "Chess.com INT"]
[Date "2022.10.11"]
[Round "4"]
[White "Zomorrodian, Eilia"]
[Black "Dzierzak, Radoslaw"]
[Result "1-0"]
[WhiteElo "2119"]
[BlackElo "2211"]
[PlyCount "101"]
[EventDate "2022.10.11"]
[EventType "swiss (blitz)"]
[EventRounds "11"]
[EventCountry "USA"]
[SourceTitle "EXT 2024"]
[Source "ChessBase"]
[SourceDate "2023.10.10"]
[SourceVersion "1"]
[SourceVersionDate "2023.10.10"]
[SourceQuality "1"]

1. c4 Nf6 2. g3 e6 3. Bg2 d5 4. cxd5 exd5 5. Nf3 Be7 6. 0-0 0-0 7. d3 c6 8. a3 Re8 9. b4 a5 10. bxa5 Qxa5 11. Bb2 Bf5 12. Nbd2 Nbd7 13. Nh4 Bg4 14. h3 Bh5 15. g4 Bg6 16. Nxg6 hxg6 17. Nf3 Qa4 18. Qb1 Bd6 19. Re1 Nc5 20. Bxf6 gxf6 21. Qb2 Be7 22. Qb4 Ra7 23. Reb1 b5 24. Nd4 Rc8 25. Qc3 Ne6 26. Nxb5 Raa8 27. e3 cxb5 28. Qb2 Bxa3 29. Qe2 Qa6 30. Bxd5 Rab8 31. Rxa3 Qxa3 32. Bxe6 fxe6 33. Qf3 Qe7 34. g5 Kg7 35. Qe4 f5 36. Qe5+ Kg8 37. h4 Rc5 38. Qxb8+ Kg7 39. Rxb5 Rxb5 40. Qxb5 Qd6 41. Qb2+ e5 42. d4 exd4 43. Qxd4+ Qxd4 44. exd4 Kf7 45. f4 Ke6 46. Kf2 Kd5 47. Ke3 Kc4 48. h5 gxh5 49. g6 h4 50. g7 h3 51. g8Q+ 1-0

[Event "Titled Tuesday intern op 11th Oct Late"]
[Site "Chess.com INT"]
[Date "2022.10.11"]
[Round "5"]
[White "Zomorrodian, Eilia"]
[Black "Pham, Le Thao Nguyen"]
[Result "1-0"]
[WhiteElo "2119"]
[BlackElo "2369"]
[PlyCount "191"]
[EventDate "2022.10.11"]
[EventType "swiss (blitz)"]
[EventRounds "11"]
[EventCountry "USA"]
[SourceTitle "EXT 2024"]
[Source "ChessBase"]
[SourceDate "2023.10.10"]
[SourceVersion "1"]
[SourceVersionDate "2023.10.10"]
[SourceQuality "1"]

1. c4 d6 2. e3 Bf5 3. a3 e5 4. b4 Be7 5. Bb2 a5 6. b5 Nf6 7. Nf3 0-0 8. Be2 c6 9. a4 Nbd7 10. d4 e4 11. Nfd2 h6 12. Nc3 Kh7 13. 0-0 d5 14. Qb3 Rc8 15. cxd5 cxb5 16. Bxb5 Nb6 17. f3 exf3 18. e4 Rxc3 19. Bxc3 Nxe4 20. Bd3 f2+ 21. Rxf2 Nxf2 22. Bxf5+ Kg8 23. Kxf2 Nxd5 24. Be4 Nxc3 25. Qxc3 Bb4 26. Qd3 Qh4+ 27. Kg1 Bxd2 28. g3 Qg5 29. Rd1 Bb4 30. Bxb7 Rd8 31. Be4 Rxd4 32. Qxd4 Bc5 33. Kg2 Bxd4 34. Rxd4 g6 35. Bf3 Qc5 36. Re4 f5 37. Re2 Qc4 38. Re8+ Kf7 39. Ra8 Qxa4 40. h4 Qa2+ 41. Kh3 a4 42. Ra7+ Kf6 43. Ra6+ Kg7 44. Ra7+ Kf6 45. Ra6+ Ke5 46. Ra5+ Kd4 47. Ra6 Ke3 48. Ba8 Qc4 49. Rxg6 Kf2 50. Bg2 a3 51. Kh2 a2 52. Rf6 Qc5 53. Ra6 Qc4 54. Ra5 Ke3 55. Bd5 Qxd5 56. Rxd5 a1Q 57. Rxf5 Qa2+ 58. Kh3 Qe6 59. g4 Qe4 60. h5 Ke2 61. Kg3 Qe3+ 62. Kh4 Qg1 63. Re5+ Kf3 64. Rf5+ Ke4 65. Kh3 Qh1+ 66. Kg3 Qg1+ 67. Kh3 Qh1+ 68. Kg3 Qe1+ 69. Kh3 Qe2 70. Kg3 Qe3+ 71. Kg2 Qd3 72. Kh2 Qd4 73. Kg3 Qd7 74. Rf4+ Ke3 75. Rf3+ Ke2 76. Rf2+ Ke1 77. Rf5 Qd6+ 78. Kf3 Qh2 79. Rf4 Qh3+ 80. Ke4 Ke2 81. Kf5 Ke3 82. Re4+ Kd3 83. Rf4 Qe3 84. g5 Qc5+ 85. Ke6 Qxg5 86. Rf5 Qg4 87. Kf6 Ke4 88. Ra5 Qh4+ 89. Kg6 Qf4 90. Ra4+ Ke5 91. Rxf4 Kxf4 92. Kxh6 Kf5 93. Kg7 Ke6 94. h6 Kf5 95. h7 Ke5 96. h8Q 1-0

[Event "Titled Tuesday intern op 11th Oct Late"]
[Site "Chess.com INT"]
[Date "2022.10.11"]
[Round "2"]
[White "Zomorrodian, Eilia"]
[Black "Sanal, Vahap"]
[Result "0-1"]
[WhiteElo "2119"]
[BlackElo "2595"]
[PlyCount "110"]
[EventDate "2022.10.11"]
[EventType "swiss (blitz)"]
[EventRounds "11"]
[EventCountry "USA"]
[SourceTitle "EXT 2024"]
[Source "ChessBase"]
[SourceDate "2023.10.10"]
[SourceVersion "1"]
[SourceVersionDate "2023.10.10"]
[SourceQuality "1"]

1. c4 d6 2. Nf3 e5 3. Qc2 f5 4. a3 Nc6 5. e3 g5 6. d3 g4 7. Nfd2 Bg7 8. Be2 Nge7 9. b4 Ng6 10. Bb2 h5 11. Nc3 h4 12. 0-0-0 Be6 13. Nb3 a5 14. b5 Nce7 15. a4 Qc8 16. g3 b6 17. d4 Qb7 18. d5 Bf7 19. e4 Qc8 20. exf5 Qxf5 21. Qxf5 Nxf5 22. Bxg4 Nd4 23. Nxd4 exd4 24. Ne2 Ne5 25. Bf5 d3 26. Bxd3 hxg3 27. fxg3 Bh5 28. Rhe1 0-0-0 29. Bf5+ Kb7 30. g4 Bxg4 31. Bxg4 Bh6+ 32. Kb1 Nxg4 33. Bxh8 Rxh8 34. Nd4 Nf2 35. Nc6 Nxd1 36. Rxd1 Bg5 37. Rg1 Bf4 38. Rh1 Rh4 39. Kc2 Kc8 40. h3 Kd7 41. Kd3 Bh6 42. Nd4 Rf4 43. Ne6 Rf3+ 44. Ke4 Re3+ 45. Kf5 Rc3 46. Kg6 Bd2 47. h4 Rxc4 48. h5 Rxa4 49. Rh2 Bc3 50. h6 Bh8 51. Kh7 Be5 52. Kg8 Bxh2 53. h7 Be5 54. Ng7 Rg4 55. h8Q Rxg7+ 0-1

[Event "Titled Tuesday intern op 05th Jul Early"]
[Site "Chess.com INT"]
[Date "2022.07.05"]
[Round "1"]
[White "Antonova, Nadezhda"]
[Black "Zomorrodian, Eilia"]
[Result "0-1"]
[WhiteElo "1832"]
[BlackElo "2155"]
[PlyCount "20"]
[EventDate "2022.07.05"]
[EventType "swiss (blitz)"]
[EventRounds "11"]
[EventCountry "USA"]
[SourceTitle "CBM 209 Extra"]
[Source "ChessBase"]
[SourceDate "2022.09.30"]
[SourceVersion "1"]
[SourceVersionDate "2022.09.30"]
[SourceQuality "1"]

1. Nf3 Nf6 2. b3 g6 3. Bb2 Bg7 4. g3 0-0 5. Bg2 d6 6. d4 c5 7. 0-0 Nc6 8. d5 Na5 9. c4 a6 10. a4 Rb8 0-1

[Event "Titled Tuesday intern op 07th Jun Early"]
[Site "Chess.com INT"]
[Date "2022.06.07"]
[Round "1"]
[White "Zomorrodian, Eilia"]
[Black "Thomas, Anysia"]
[Result "1-0"]
[WhiteElo "2155"]
[BlackElo "2137"]
[PlyCount "61"]
[EventDate "2022.06.07"]
[EventType "swiss (blitz)"]
[EventRounds "11"]
[EventCountry "USA"]
[SourceTitle "CBM 208 Extra"]
[Source "ChessBase"]
[SourceDate "2022.07.31"]
[SourceVersion "1"]
[SourceVersionDate "2022.07.31"]
[SourceQuality "1"]

1. e4 c5 2. Nf3 g6 3. c3 d5 4. exd5 Qxd5 5. d4 Bg7 6. Be3 cxd4 7. cxd4 Nf6 8. Nc3 Qa5 9. Bc4 0-0 10. 0-0 Nc6 11. h3 Bf5 12. a3 Rfd8 13. Qe2 Qc7 14. Rad1 a6 15. Rfe1 Rac8 16. Ba2 Na5 17. Ne5 e6 18. g4 Be4 19. g5 Bf5 20. gxf6 Bxf6 21. Ng4 Bg7 22. Qf3 h5 23. Nh6+ Bxh6 24. Bxh6 Kh7 25. Bf4 Qe7 26. d5 Nc4 27. dxe6 Bxe6 28. Ne4 Rxd1 29. Rxd1 Nxb2 30. Bxe6 Nxd1 31. Bxc8 1-0

[Event "Titled Tuesday intern op 15 Mar Late"]
[Site "Chess.com INT"]
[Date "2022.03.15"]
[Round "4"]
[White "Rabineau, Clement"]
[Black "Zomorrodian, Eilia"]
[Result "0-1"]
[WhiteElo "2185"]
[BlackElo "2155"]
[PlyCount "78"]
[EventDate "2022.03.15"]
[EventType "swiss (blitz)"]
[EventRounds "11"]
[EventCountry "USA"]
[SourceTitle "CBM 207 Extra"]
[Source "ChessBase"]
[SourceDate "2022.05.31"]
[SourceVersion "1"]
[SourceVersionDate "2022.05.31"]
[SourceQuality "1"]

1. e4 c5 2. c3 Nf6 3. e5 Nd5 4. Bc4 Nb6 5. Bb3 Nc6 6. Nf3 d5 7. exd6 Qxd6 8. 0-0 c4 9. Bc2 g6 10. b3 Bg7 11. Na3 cxb3 12. axb3 0-0 13. h3 e5 14. Re1 h6 15. Nb5 Qd8 16. Ba3 Re8 17. Nd6 Re6 18. Nxc8 Rxc8 19. d4 Nd5 20. Bb2 Nf4 21. dxe5 Qxd1 22. Rexd1 Nxe5 23. Nxe5 Bxe5 24. Rxa7 Bxc3 25. Bxc3 Rxc3 26. Bb1 Rb6 27. Ba2 Rc2 28. Kh2 Rxf2 29. Kg3 Rxg2+ 30. Kxf4 Rf6+ 31. Ke3 Re6+ 32. Kf3 Rh2 33. Kg3 Rc2 34. b4 Re3+ 35. Kf4 Rxh3 36. Rd8+ Kg7 37. Rd7 g5+ 38. Ke4 Re2+ 39. Kd5 Rd2+ 0-1

[Event "Titled Tuesday intern op 15 Mar Early"]
[Site "Chess.com INT"]
[Date "2022.03.15"]
[Round "3"]
[White "Zomorrodian, Eilia"]
[Black "Sanchez, Roberto Daniel"]
[Result "0-1"]
[WhiteElo "2155"]
[BlackElo "1989"]
[PlyCount "112"]
[EventDate "2022.03.15"]
[EventType "swiss (blitz)"]
[EventRounds "11"]
[EventCountry "USA"]
[SourceTitle "CBM 207 Extra"]
[Source "ChessBase"]
[SourceDate "2022.05.31"]
[SourceVersion "1"]
[SourceVersionDate "2022.05.31"]
[SourceQuality "1"]

1. e4 e6 2. d4 d5 3. Nd2 Nf6 4. e5 Nfd7 5. Bd3 c5 6. c3 Nc6 7. Ne2 cxd4 8. cxd4 f6 9. exf6 Nxf6 10. 0-0 Bd6 11. Nf3 Qc7 12. Bg5 0-0 13. Bh4 Nh5 14. Bg3 Nxg3 15. hxg3 g6 16. Nc3 a6 17. Re1 Qg7 18. Bc2 Bd7 19. a3 Rac8 20. Rc1 Na5 21. Bb1 Nc4 22. Qe2 Rxf3 23. gxf3 Qxd4 24. f4 Nxa3 25. Rcd1 Qc4 26. Bd3 Qb3 27. Nxd5 exd5 28. bxa3 Re8 29. Qf3 Rxe1+ 30. Rxe1 Bc6 31. Qe2 Qc3 32. Qe6+ Kg7 33. f5 gxf5 34. Bxf5 Bc5 35. Qe5+ Qxe5 36. Rxe5 Bxa3 37. Re6 Bc5 38. Re1 a5 39. Be6 a4 40. Rd1 a3 41. Ra1 b5 42. Kf1 b4 43. Ke2 Kf6 44. Rc1 a2 45. Bf5 Bd4 46. Rc5 Bxc5 47. Bb1 a1Q 48. Bd3 Ke5 49. Kf3 Kd4 50. Kg2 Kc3 51. Be2 Kd4 52. Bf3 Qb2 53. g4 Qd2 54. Kg3 Qc1 55. Bg2 b3 56. f3 b2 0-1